| 000 | 00403nam a22001577a 4500 | ||
|---|---|---|---|
| 999 |
_c6013 _d6013 |
||
| 003 | OSt | ||
| 005 | 20190111161308.0 | ||
| 008 | 190111b ||||| |||| 00| 0 eng d | ||
| 040 | _cDLC | ||
| 082 |
_a230 _bZ55s |
||
| 100 | _aZens, Jon | ||
| 245 | _aStudies in Theology and Ethics/ | ||
| 260 |
_aTexas _bBaptist Reformation Educational Ministries, Inc. _cc1981 |
||
| 300 |
_a92 p.; _c20cm |
||
| 942 |
_2ddc _cBK |
||